000 00622nam a2200181Ia 4500
003 GCL
008 140319s9999 xx 000 0 ara d
040 _aGCL /
_cGCL
082 0 4 _a417
_bس ع
100 1 _aسليمان محمد سليمان الطماوى
245 1 0 _aالعامية فى نياب الفصحى - بلاغتها - امثالها - خصائصها /
_cسليمان محمد سليمان الطماوى
260 _a[S.N] :
_bالعربى للنشر والتوزيع ،
_c1992
300 _a159 ص
490 _a
650 0 4 _aاللغة العربية
650 0 4 _aاللهجات
942 _2ddc
_cBK
999 _c55440
_d55440